000 00387cam a22001457i 4500
005 20250901165813.0
008 171002s2016 ke 000 1 eng
010 _a 2016343717
020 _a9780195744095
050 0 0 _aPR 9408.9 .V58 2016
100 1 _aVitta, Paul B.
245 1 0 _aConfessions by president Kikumba /
_cPaul B. Vitta.
300 _avi, 274 pages ;
_c18 cm
942 _2lcc
999 _c9444
_d9444